000
00316nam a22001457a 4500
020
_a
978-93-83756-16-2
082
_a
894.812.3
_b
OSH/T
100
_a
OSHO
245
_a
THIRANJEDUTHA KATHAKAL
260
_a
KOZHIKODE
_b
OLIVE PUBLICATIONS
_c
2019
300
_a
201
520
_a
NOVEL
650
_a
NOVEL
942
_c
BK
999
_c
5025
_d
5025